Statistics for Cod Zombies:Juggernog original jingle

Click here to take the quiz!

General Stats

  • This quiz has been taken 28 times
  • The average score is 8 of 9

Answer Stats

HintAnswer% Correct
reach forjuggernog Tonight
94%
When youneed some
94%
help toget by
89%
something tomake you
89%
feel strong,reach for
89%
need tofeel big
78%
andstrong
78%
Juggernog tonight,Sugar seduction
78%
Delight!When you
78%

Score Distribution

Percentile by Number Answered

Percent of People with Each Score

Your Score History

You have not taken this quiz